|
|
|
|
| LEADER |
00984nam a22002537a 4500 |
| 001 |
38491 |
| 003 |
BD-DhAAL |
| 008 |
220518t20182016nyua b 001 0 eng d |
| 999 |
|
|
|c 44193
|d 44193
|
| 020 |
|
|
|a 9780735221826
|
| 020 |
|
|
|a 0735221820
|
| 040 |
|
|
|a BD-DhAAL
|c BD-DhAAL
|
| 082 |
|
|
|a 001.01
|2 23
|
| 100 |
|
|
|a Du Sautoy, Marcus
|9 48492
|
| 245 |
|
|
|a The great unknown :
|b seven journeys to the frontiers of science /
|c Marcus du Sautoy.
|
| 260 |
|
|
|a New York :
|b Penguin Books,
|c 2018.
|
| 300 |
|
|
|a 450 pages :
|b illustrations ;
|c 22 cm.
|
| 504 |
|
|
|a Includes bibliographical references and index.
|
| 541 |
|
|
|a Donated By Akbar Ali Khan
|e 38491
|
| 650 |
|
|
|a Discoveries in science.
|9 48493
|
| 650 |
|
|
|a Knowledge, Theory of.
|9 48494
|
| 852 |
|
|
|a Ayesha Abed Library
|c Akbar Ali Khan Collection
|
| 942 |
|
|
|2 ddc
|c BK
|
| 952 |
|
|
|0 0
|1 0
|2 ddc
|4 0
|6 001_010000000000000_DU
|7 1
|9 70644
|a BRACUL
|b BRACUL
|c AAKC
|d 2022-05-18
|e Donated by Akbar Ali Khan
|l 0
|o 001.01 DU
|p 3010038491
|r 2022-05-18
|t 1
|w 2022-05-18
|y BK
|